|
|
|
|
| LEADER |
02322nam a22004815i 4500 |
| 001 |
978-3-540-88273-2 |
| 003 |
DE-He213 |
| 005 |
20151204190210.0 |
| 007 |
cr nn 008mamaa |
| 008 |
100301s2009 gw | s |||| 0|eng d |
| 020 |
|
|
|a 9783540882732
|9 978-3-540-88273-2
|
| 024 |
7 |
|
|a 10.1007/978-3-540-88273-2
|2 doi
|
| 040 |
|
|
|d GrThAP
|
| 050 |
|
4 |
|a GE1-350
|
| 072 |
|
7 |
|a RNP
|2 bicssc
|
| 072 |
|
7 |
|a SCI026000
|2 bisacsh
|
| 072 |
|
7 |
|a SCI013000
|2 bisacsh
|
| 082 |
0 |
4 |
|a 577.14
|2 23
|
| 245 |
1 |
0 |
|a Transformation Products of Synthetic Chemicals in the Environment
|h [electronic resource] /
|c edited by Alistair B. A. Boxall.
|
| 264 |
|
1 |
|a Berlin, Heidelberg :
|b Springer Berlin Heidelberg,
|c 2009.
|
| 300 |
|
|
|a XIV, 249 p.
|b online resource.
|
| 336 |
|
|
|a text
|b txt
|2 rdacontent
|
| 337 |
|
|
|a computer
|b c
|2 rdamedia
|
| 338 |
|
|
|a online resource
|b cr
|2 rdacarrier
|
| 347 |
|
|
|a text file
|b PDF
|2 rda
|
| 490 |
1 |
|
|a The Handbook of Environmental Chemistry,
|x 1867-979X ;
|v 2P
|
| 505 |
0 |
|
|a Formation, Detection and Occurrence of Transformation Products -- Mechanisms of Degradation of Synthetic Chemicals -- Predicting the Persistence of Organic Compounds -- Analyzing transformation products of synthetic chemicals -- Occurrence of Transformation Products in the Environment -- Exposure of Transformation Products -- Fate of Transformation Products of Synthetic Chemicals -- Modelling Environmental Exposure to Transformation Products of Organic Chemicals -- Treatment of Transformation Products -- Effects of Transformation Products -- Ecotoxicity of Transformation Products -- Predicting the Ecotoxicological Effects of Transformation Products.
|
| 650 |
|
0 |
|a Environment.
|
| 650 |
|
0 |
|a Analytical chemistry.
|
| 650 |
|
0 |
|a Geochemistry.
|
| 650 |
|
0 |
|a Environmental chemistry.
|
| 650 |
1 |
4 |
|a Environment.
|
| 650 |
2 |
4 |
|a Environmental Chemistry.
|
| 650 |
2 |
4 |
|a Geochemistry.
|
| 650 |
2 |
4 |
|a Analytical Chemistry.
|
| 700 |
1 |
|
|a Boxall, Alistair B. A.
|e editor.
|
| 710 |
2 |
|
|a SpringerLink (Online service)
|
| 773 |
0 |
|
|t Springer eBooks
|
| 776 |
0 |
8 |
|i Printed edition:
|z 9783540882725
|
| 830 |
|
0 |
|a The Handbook of Environmental Chemistry,
|x 1867-979X ;
|v 2P
|
| 856 |
4 |
0 |
|u http://dx.doi.org/10.1007/978-3-540-88273-2
|z Full Text via HEAL-Link
|
| 912 |
|
|
|a ZDB-2-EES
|
| 950 |
|
|
|a Earth and Environmental Science (Springer-11646)
|